Every Unreleased Poppy Song - Statistics

General Stats
  • This quiz has been taken 83 times
  • The average score is 45 of 68
Answer Stats
Songs % Correct
911
88%
Kitty
88%
Alternative Milk
83%
Knockoff
83%
Rot In LA
83%
Summer Breeze
83%
The Day I Walked Away
83%
Bodied
79%
Do You Miss Me?
79%
God Complex
79%
I Started Smoking
79%
Switch
79%
The Cutting Edge
79%
Thread
79%
American Car
75%
Blush
75%
British Boys
75%
Electricity
75%
Field of Vision
75%
Pyromaniac
75%
All My Fault
71%
Bubblebath
71%
Dizzy
71%
Greater Heights
71%
Guns and Gold
71%
Renegade
71%
The Hatchet
71%
Winona Ryder
71%
Cheerleader
67%
Good to Me
67%
Japanese
67%
Locked and Loaded
67%
No One
67%
Rocket Science
67%
Talk To Me
67%
Boring
63%
Double X Girlfriend
63%
Fountain Of Youth
63%
I Heart Poppy
63%
New York
63%
Sugar
63%
Sweetheart
63%
Video Killed The Radio Star
63%
Who's that Girl?
63%
Back Together
58%
Boss
58%
Girls
58%
Golden Gate
58%
Jealous
58%
Little Psycho
58%
Peppermint
58%
Ready or Not
58%
Rule Me
58%
Spare Key
58%
Everything I Know Is Wrong
54%
EXPLODE
54%
Heavy Metal
54%
Helium
54%
I Wanna Be Adored
54%
Numb
54%
Talk About It
54%
Call You When I Land
50%
Crazy
50%
Happy When It Hurts
50%
Maniac
50%
One Heart
50%
TLD
50%
Oh Why
46%
No matching quizzes found
Score Distribution
Percent of People with Each Score
Percentile by Number Answered
Your Score History
You have not taken this quiz